|
|
|
|
| LEADER |
00000nam a2200000 a 4500 |
| 001 |
vtls001482549 |
| 003 |
SK-MaSNL |
| 005 |
20260302073652.0 |
| 008 |
240318s2004 xo f b 000 0 slo |
| 015 |
|
|
|a SNBA2005/03-00976
|
| 020 |
|
|
|a 8080402299
|q (brož.)
|
| 035 |
|
|
|a SNK000437846
|
| 035 |
|
|
|a urn:nbn:sk:snk-amls9p
|
| 035 |
|
|
|a urn:nbn:sk:snk-am00cbe7
|
| 035 |
|
|
|a 255DCD86-19DD-4927-A698-8A1DDCD8D1C9
|
| 040 |
|
|
|a SNK
|b slo
|c SNK
|e AACR2
|
| 041 |
0 |
|
|a slo
|
| 044 |
|
|
|a xo
|c SK
|
| 072 |
|
7 |
|a 005
|x Manažment. Riadenie
|2 konspekt
|
| 080 |
|
|
|a 005:330.133.1
|2 MDT-MRF
|
| 080 |
|
|
|a (048.8)
|2 MDT-MRF
|
| 080 |
|
|
|a 005
|2 MDT-MRF
|
| 100 |
1 |
|
|a Lysá, Ľudmila,
|d 1953-
|4 aut
|9 26494
|
| 245 |
1 |
0 |
|a Kvantitatívne metódy v manažmente
|b /monografia/
|c Ľudmila Lysá, Milan Droppa
|
| 250 |
|
|
|a 1. vyd.
|
| 260 |
|
|
|a Liptovský Mikuláš
|b Vojenská akadémia
|c 2004
|
| 300 |
|
|
|a 117 s.
|b sch., tab.
|c 29 cm
|
| 500 |
|
|
|a 50 výtl.
|
| 504 |
|
|
|a Bibliogr. s. 117
|
| 650 |
0 |
7 |
|a manažment
|2 SNKPH
|9 922
|
| 650 |
0 |
7 |
|a hodnotový manažment
|2 SNKPH
|9 4983
|
| 655 |
|
7 |
|a odborné publikácie
|2 SNKPH
|9 60423
|
| 655 |
|
7 |
|a učebnice vysokých škôl
|2 SNKPH
|9 70191
|
| 700 |
1 |
|
|a Droppa, Milan,
|d 1955-
|4 aut
|9 251999
|
| 919 |
|
|
|a 80-8040-229-9
|
| 958 |
|
|
|a OND
|
| 968 |
|
|
|d 0
|
| 999 |
|
|
|c 1161884
|d 1163814
|
| 952 |
|
|
|t P60, <03>, [BOOK], {603}, -K-
|a SNK
|b SNK
|y PREZ
|7 0
|p 17A0444641
|o snkSB 69306
|i snkKSP 12795/2004
|0 0
|1 0
|4 0
|d 2004-09-28
|f 1
|l 0
|r 2025-04-23 00:00:00
|w 2026-02-24
|
| 952 |
|
|
|t P60, <04>, [BOOK], {604}, -W-
|a SNK
|b SNK
|y VYP
|7 0
|p 17A0444642
|o snkSB 69306 D1
|i snkKSP 12796/2004
|0 0
|1 0
|4 0
|d 2004-09-28
|l 0
|r 2005-01-02 00:00:00
|w 2026-02-24
|